Nehru: (Record no. 18418)

MARC details
000 -LEADER
fixed length control field 00603nam a22001817a 4500
003 - CONTROL NUMBER IDENTIFIER
control field BDDh-ASL
005 - DATE AND TIME OF LATEST TRANSACTION
control field 20231015025715.0
008 - FIXED-LENGTH DATA ELEMENTS--GENERAL INFORMATION
fixed length control field 200929s1959 enkac||| b||| 001 0 eng d
040 ## - CATALOGING SOURCE
Original cataloging agency BDDh-ASL
Transcribing agency BDDh-ASL
Modifying agency BDDh-ASL
082 ## - DEWEY DECIMAL CLASSIFICATION NUMBER
Classification number 923.254
Item number BRN
100 1# - MAIN ENTRY--PERSONAL NAME
9 (RLIN) 1252
Personal name Brecher, Michael
245 10 - TITLE STATEMENT
Title Nehru:
Remainder of title a political biography/
Statement of responsibility, etc. by Michael Brecher.
260 ## - PUBLICATION, DISTRIBUTION, ETC.
Place of publication, distribution, etc. London:
Name of publisher, distributor, etc. Oxford University Press
Date of publication, distribution, etc. 1959.
300 ## - PHYSICAL DESCRIPTION
Extent xv, 682 p. :
Other physical details ills., ports.;
Dimensions 23 cm.
504 ## - BIBLIOGRAPHY, ETC. NOTE
Bibliography, etc. note Includes bibliographical references and index.
600 10 - SUBJECT ADDED ENTRY--PERSONAL NAME
9 (RLIN) 1255
Personal name Nehru, Jawaharlal
General subdivision Political biography
942 ## - ADDED ENTRY ELEMENTS (KOHA)
Source of classification or shelving scheme Dewey Decimal Classification
Koha item type Books
Holdings
Withdrawn status Lost status Source of classification or shelving scheme Damaged status Not for loan Collection code Home library Current library Shelving location Date acquired Source of acquisition Total Checkouts Full call number Barcode Date last seen Copy number Price effective from Koha item type Public note
    Dewey Decimal Classification   Not For Loan Non-fiction Asiatic Society Library Asiatic Society Library Harrison Collection 09/29/2020 Donated by Prof. John B. Harrison   923.254 BRN 101607 09/29/2020 C-1 09/29/2020 Books RARE

Powered by Koha